Il viaggio per l'Italia di Giannettino. Parte II (L'Italia centrale). 5. ed.

Saved in:
Bibliographic Details
Main Author: Collodi, Carlo.
Format: Book
Language:Italian
Published: Firenze Bemporad 1894
Textbook Catalogue:EDISCO:  Library Catalog Search Result
Textbook Classification:
Tags: Add Tag
No Tags, Be the first to tag this record!
Added to:2016-04-30
Changed in:2017-10-18

MARC

LEADER 00000aam a22000007 4500
001 06503
003 OSt
005 20171018095143.0
008 160501s1894 it 000 0 ita
040 |c Gianfranco Bandini - Firenze - CLIO 
041 1 |a ita 
100 1 |a Collodi, Carlo. 
245 0 0 |a Il viaggio per l'Italia di Giannettino. Parte II (L'Italia centrale). 5. ed. 
260 |a Firenze  |b Bemporad  |c 1894 
300 |a 320, ill.,, 1/x ;  
901 |a 7 
942 |2 ddc  |c BK 
546 |a ita 
999 |c 6492  |d 6492 
999 |c edisco:6492  |d 6492